000 00509nam a22001697a 4500
008 170708s2016 no||||| |||| 00| 0 eng d
082 0 4 _a779
_bB669c
100 1 _aBoe Birkeland, Tonje.
_95860
245 1 3 _aThe characters /
_cTonje Boe Birkeland.
250 _a1a edición.
260 _aNoruega :
_bKulturradet Arts Council,
_c[2016].
300 _a260 páginas :
_bilustraciones en color.
653 1 0 _aFotografía
653 1 0 _aRelatos
653 1 0 _aFotografía digital - Noruega
653 1 0 _aFotógrafos
999 _c1223
_d1223